| 000 | 00729nam a2200217 a 4500 | ||
|---|---|---|---|
| 003 | OSt | ||
| 005 | 20130918192652.0 | ||
| 008 | 130918n ag ||||| |||| 00| 0 spa d | ||
| 040 | _cBiblioteca Medicina | ||
| 041 | _aspa | ||
| 082 | _bMINIST. DE SALUD 0377 | ||
| 110 |
_aMinisterio de Salud _92598 |
||
| 245 | 0 | 0 | _aDesarrollo Infantil. Primer Año de Vida. II.2 Desarrollo motor y postural autonomo |
| 250 | _a1º ed. | ||
| 260 |
_aBuenos Aires _bMinisterio de Salud de la Nacion _c200? |
||
| 300 | _a12 p. | ||
| 653 | _aPEDIATRIA | ||
| 653 | _aDESARROLLO INFANTIL-PRIMER AÑO | ||
| 942 |
_2ddc _cPH |
||
| 999 |
_c1637 _d1637 |
||
| 952 |
_40 _00 _bBFM _10 _oMINIST. DE SALUD 0377 _d2013-09-18 _tEj. 1 _8NFIC _70 _cCR _2ddc _yPH _aBFM |
||